| 000 | 00755cam a2200241 4500 | ||
|---|---|---|---|
| 008 | 090401t1997 xxu||||| |||| 00| 0 eng d | ||
| 020 | _a1859781462 | ||
| 035 | _a(Sirsi) u78794 | ||
| 041 | _aeng | ||
| 050 |
_a347.4109 _c18 |
||
| 100 | _aO`Reilly, Michael | ||
| 245 | _aCosts in arbitration proceedings. | ||
| 250 | _a2nd ed. | ||
| 260 |
_aLondon _bLLP Limited _c1997 |
||
| 300 | _axvi,201p. ; 24cm. | ||
| 350 | _a57 | ||
| 650 | _aMANAGEMENT-DISPUTE AVOIDANCE, MANAGEMENT AND RESOLUTION-DISPUTE MANAGEMENT AND RESOLUTION-ARBITRATION | ||
| 650 | _aCOSTS | ||
| 650 | _aPROFESSIONAL FEES | ||
| 690 | _aMANAGEMENT-DISPUTE AVOIDANCE, MANAGEMENT AND RESOLUTION-DISPUTE MANAGEMENT AND RESOLUTION-ARBITRATION | ||
| 942 | _n0 | ||
| 948 | _c06/06/1997 | ||
| 999 |
_c96483 _d96483 |
||